000 01758cam a22004814i 4500
003 PE-LiUPU
005 20250731165519.0
008 150623s r 000 0 d
035 _a(Sirsi) a26424
035 _a(Sirsi) a26424
040 _aPE-LiUPU
_bspa
_cPE-LiUPU
_erda
082 0 4 _a620.3
_bE32
_221
110 2 _aThe dictionary Editing Group Zhong Wai Publishing Company
245 1 3 _aAn english-chinese dictionary of engineering and technology /
_cThe Dictionary Editing Group Zhong Wai Publishing Company.
264 1 _aWest Street, Boston :
_bWiley-Interscience,
_c1980.
300 _a1036 páginas ;
_c27 cm.
336 _atext
_2rdacontent
337 _aunmediated
_2rdamedia
338 _avolume
_2rdacarrier
505 0 _aDiccionario (A-Z). -Inglés - Diccionarios - Chino.
526 _aSEG44
526 _aSEG26
526 _aP151
526 _aP150
526 _aP149
526 _aP146
526 _aP145
526 _aP126
526 _aP125
526 _aP92
526 _aP75
526 _aP74
526 _aP27
526 _aP15
650 1 4 _aIngeniería
_vDiccionarios.
650 1 4 _aTecnología
_vDiccionarios.
942 _2ddc
_cBOOK
949 _aRC 620.3 E32
_wDEWEY
_c1
_i51700
_lRC
_mBUL
_p10.00
_r0
_sY
_tBOOK
_u2015-6-24
_xINGENIERIA
_zUNKNOWN
_0COMPRA
_o.CIRCNOTE. No olvidar cambiar la fecha de devolución!!!!!!!
_o.STAFF. Colección General
994 _aC0
_bPEPRU
596 _a1
999 _aRC 620.3 E32
_wDEWEY
_c33454
_i51700
_d33454
_e2015-11-6
_f2021-11-8
_g7
_lRCG
_mBUL
_n1
_p10.00
_r1
_sY
_tBOOK
_u2015-6-24
_xBIBLIOTECA
_zUNKNOWN
_0COMPRA
_o.CIRCNOTE. No olvidar cambiar la fecha de devolución!!!!!!!
_o.STAFF. Colección General
980 _81
_gALBERTO SANCHEZ Responsable de Automatización